Teoría económica del periodo de transición / (Registro nro. 3655)
[ vista simple ]
| 000 -LEADER | |
|---|---|
| fixed length control field | 01049nam a2200241Ia 4500 |
| 003 - CONTROL NUMBER IDENTIFIER | |
| control field | OSt |
| 005 - DATE AND TIME OF LATEST TRANSACTION | |
| control field | 20200604121424.0 |
| 008 - FIXED-LENGTH DATA ELEMENTS--GENERAL INFORMATION | |
| fixed length control field | 191128s1974 ag gr 000 0 spa d |
| 040 ## - CATALOGING SOURCE | |
| Original cataloging agency | CO-JMCR |
| Transcribing agency | CO-JMCR |
| 041 1# - LANGUAGE CODE | |
| Language code of text/sound track or separate title | spa |
| Language code of original | ruso |
| 082 04 - DEWEY DECIMAL CLASSIFICATION NUMBER | |
| Classification number | 330.1 / |
| Item number | B869t |
| Edition number | 23 |
| 100 1# - MAIN ENTRY--PERSONAL NAME | |
| Personal name | Bujarin, Nicolai L., |
| Relator term | autor |
| 9 (RLIN) | 4943 |
| 245 10 - TITLE STATEMENT | |
| Title | Teoría económica del periodo de transición / |
| Statement of responsibility, etc. | Nicolai L. Bujarin ; Anotaciones de Vladimir L. Lenin ; traducción Horacio Ciafardini |
| 260 ## - PUBLICATION, DISTRIBUTION, ETC. | |
| Place of publication, distribution, etc. | Buenos Aires : |
| Name of publisher, distributor, etc. | Pasado y Presente, |
| Date of publication, distribution, etc. | 1974 |
| 300 ## - PHYSICAL DESCRIPTION | |
| Extent | 223 Páginas ; |
| Dimensions | 20 cm. |
| 505 ## - FORMATTED CONTENTS NOTE | |
| Formatted contents note | Estructura del capitalismo mundial -- Economía, poder estatal y guerra -- El derrumbe del sistema capitalista -- premisas generales de la edificación del comunismo -- ciudad y campo, el proceso de transformación social. |
| 534 ## - ORIGINAL VERSION NOTE | |
| Introductory phrase | Ekonomika Perejodnogo Perioda |
| 546 ## - LANGUAGE NOTE | |
| Language note | Traducción del ruso |
| 650 14 - SUBJECT ADDED ENTRY--TOPICAL TERM | |
| Topical term or geographic name entry element | Economía |
| General subdivision | Teorias |
| 9 (RLIN) | 4944 |
| 700 1# - ADDED ENTRY--PERSONAL NAME | |
| Personal name | Lenin, Vladimir L., |
| Relator term | anotaciones |
| 9 (RLIN) | 4945 |
| 700 1# - ADDED ENTRY--PERSONAL NAME | |
| Personal name | Ciafardini, Horacio, |
| Relator term | traductor |
| 9 (RLIN) | 4946 |
| 942 ## - ADDED ENTRY ELEMENTS (KOHA) | |
| Source of classification or shelving scheme | Dewey Decimal Classification |
| Koha item type | Books |
| Withdrawn status | Lost status | Source of classification or shelving scheme | Materials specified (bound volume or other part) | Damaged status | Not for loan | Home library | Current library | Shelving location | Date acquired | Source of acquisition | Cost, normal purchase price | Full call number | Barcode | Date last seen | Copy number | Price effective from | Koha item type |
|---|---|---|---|---|---|---|---|---|---|---|---|---|---|---|---|---|---|
| Dewey Decimal Classification | Donación--19/07/2018-- | Biblioteca Pública José María del Castillo y Rada | Biblioteca Pública José María del Castillo y Rada | General Stacks | 11/28/2019 | Donación | 0.00 | 330.1 / B869t | 201811182 | 05/16/2024 | Ej.1 | 11/28/2019 | Books |